000 00260nam a2200109Ia 4500
001 1268708
005 20260417145255.0
008 260417s9999 xx 000 0 und d
020 _a9786256309418
245 0 _aNedircik
_cİlker Şaguj
260 _bKetebe Genç
999 _c1268708
_d1268708